Zahraniční obchod orgán FMZO pro otázky teorie a praxe vnějších ekonomických vztahů

Salvato in:
Dettagli Bibliografici
Natura: Periodico
Lingua:ceco
Pubblicazione: Praha Rapid 1984
Tags: Aggiungi Tag
Nessun Tag, puoi essere il primo ad aggiungerne!!

MARC

LEADER 00000nas2a2200000 4500
001 s105231
005 20250730114156.1
041 0 |a cze 
044 |a CZ 
245 1 0 |a Zahraniční obchod  |b orgán FMZO pro otázky teorie a praxe vnějších ekonomických vztahů 
264 1 |a Praha  |b Rapid  |c 1984 
300 |a 1 zv. 
773 0 |w eu_un_cat*s120478